000 00274nam a2200109Ia 4500
008 200302s9999 xx 000 0 und d
100 _aAuthor
245 _aPhaidon Atlas of 21st century wold Architecture
260 _bPhaidon Press Ltd.
260 _c2009
300 _a444 P.,
999 _c5010
_d5010